书目信息 |
| 题名: |
宋人小品画谱
|
|
| 作者: | 赵佶 编 | |
| 分册: | ||
| 出版信息: | 上海 上海人民美术出版社 2022 |
|
| 页数: | 84页 | |
| 开本: | 29cm | |
| 丛书名: | 名家课徒稿临本系列 | |
| 单 册: | ||
| 中图分类: | J222.44 | |
| 科图分类: | ||
| 主题词: | 中国画--作品集--中国--宋代 | |
| 电子资源: | ||
| ISBN: | 978-7-5586-2230-4 | |
| 000 | 00971oam2 2200253 450 | |
| 001 | 2236213098 | |
| 005 | 20221001100406.81 | |
| 010 | @a978-7-5586-2230-4@dCNY69.00 | |
| 100 | @a20220222d2022 em y0chiy50 ea | |
| 101 | 0 | @achi |
| 102 | @aCN@b310000 | |
| 105 | @aa z 000yy | |
| 200 | 1 | @a宋人小品画谱@ASong Ren Xiao Pin Hua Pu@9song ren hua pu xiao pin@f赵佶编 |
| 210 | @a上海@c上海人民美术出版社@d2022 | |
| 215 | @a84页@c彩图@d29cm | |
| 225 | 2 | @a名家课徒稿临本系列 |
| 300 | @a世纪出版 | |
| 330 | @a宋代小品画是中国绘画史上一道靓丽的风景,它的兴盛,与宋代政治、经济、文化和思想背景密切相关,对中国后世绘画产生了重大而深远的影响,在国际上也颇具知名度。宋代小品画以高雅的格调品味,精微的笔墨技巧,独特的经营位置,丰富多样的题材,成为中国绘画史上的一种重要表现形式。 | |
| 461 | 0 | @12001 @a名家课徒稿临本系列 |
| 606 | 0 | @a中国画@x作品集@y中国@z宋代 |
| 690 | @aJ222.44@v5 | |
| 701 | 0 | @a赵佶@9zhao ji@4编 |
| 801 | 0 | @aCN@b91MARC@c20220321 |
| 905 | @aZUCC@dJ222.44@e2 | |
| 宋人小品画谱/赵佶编.-上海:上海人民美术出版社,2022 |
| 84页:彩图;29cm.-(名家课徒稿临本系列) |
| 世纪出版 |
| ISBN 978-7-5586-2230-4:CNY69.00 |
| 宋代小品画是中国绘画史上一道靓丽的风景,它的兴盛,与宋代政治、经济、文化和思想背景密切相关,对中国后世绘画产生了重大而深远的影响,在国际上也颇具知名度。宋代小品画以高雅的格调品味,精微的笔墨技巧,独特的经营位置,丰富多样的题材,成为中国绘画史上的一种重要表现形式。 |
| ● |
| 相关链接 |
|
|
|
正题名:宋人小品画谱
索取号:J222.44/2
 
预约/预借
| 序号 | 登录号 | 条形码 | 馆藏地/架位号 | 状态 | 备注 |
| 1 | 2000910004 | 2000910004 | 第三书库/ [索取号:J222.44/2] | 在馆 | |
| 2 | 2000910005 | 2000910005 | 第三书库/ [索取号:J222.44/2] | 在馆 | |
| 3 | 2000910006 | 2000910006 | 第三书库/ [索取号:J222.44/2] | 在馆 |